Big data manažment technológia 21. storočia v riadení organizácií
Moderný pojem 21 storočia - Big Data a odlišnosť definícií tejto problematiky. Big Data manažment ako organizácia, správa a riadenie veľkých objemov štruktúrovaných i neštruktúrovaných údajov za účelom rozhodovania v reálnom čase.
Salvato in:
| Autore principale: | |
|---|---|
| Altri autori: | , |
| Natura: | Capitolo di libro |
| Lingua: | slovacco |
| Soggetti: | |
| Tags: |
Nessun Tag, puoi essere il primo ad aggiungerne!!
|
MARC
| LEADER | 00000naa a2200000 4500 | ||
|---|---|---|---|
| 001 | 0214865 | ||
| 005 | 20230912114937.3 | ||
| 041 | 0 | |a slo | |
| 044 | |a SK | ||
| 245 | 1 | 0 | |a Big data manažment |b technológia 21. storočia v riadení organizácií |c Patrícia Franková, Martina Drahošová, Peter Balco |
| 520 | |a Moderný pojem 21 storočia - Big Data a odlišnosť definícií tejto problematiky. Big Data manažment ako organizácia, správa a riadenie veľkých objemov štruktúrovaných i neštruktúrovaných údajov za účelom rozhodovania v reálnom čase. | ||
| 610 | 2 | 0 | |a manažment informačný |
| 610 | 2 | 0 | |a rozhodovanie manažérske |
| 610 | 2 | 0 | |a správa podniku |
| 610 | 2 | 0 | |a stratégia informačná |
| 610 | 2 | 0 | |a technológie informačné |
| 610 | 2 | 0 | |a technológie komunikačné |
| 100 | 1 | |a Franková, Patrícia | |
| 700 | 1 | |a Drahošová, Martina | |
| 700 | 1 | |a Balco, Peter | |